Catálogo

[CUARTO] IV CONGRESO NACIONAL DE LA SOCIEDAD MEXICANA DE LA CIENCIA DEL SUELO (Registro nro. 18702)

Detalles MARC
000 -LEADER
fixed length control field 00442nam a2200145 a 4500
001 - CONTROL NUMBER
control field 18702
005 - DATE AND TIME OF LATEST TRANSACTION
control field 20180713212035.0
008 - FIXED-LENGTH DATA ELEMENTS--GENERAL INFORMATION
fixed length control field 140415s1969 mx 000 0 spa d
041 ## - LANGUAGE CODE
Language code of text/sound track or separate title spa
082 ## - DEWEY DECIMAL CLASSIFICATION NUMBER
Classification number 631.4
Item number CUA
245 00 - TITLE STATEMENT
Title [CUARTO] IV CONGRESO NACIONAL DE LA SOCIEDAD MEXICANA DE LA CIENCIA DEL SUELO
250 ## - EDITION STATEMENT
Edition statement 1a ed.
260 ## - PUBLICATION, DISTRIBUTION, ETC.
Place of publication, distribution, etc. MEXICO :
Name of publisher, distributor, etc. SOCIEDAD MEXICANA DE LA CIENCIA DEL SUELO,
Date of publication, distribution, etc. 1969
650 14 - SUBJECT ADDED ENTRY--TOPICAL TERM
Topical term or geographic name entry element EDAFOLOGIA
Existencias
Withdrawn status Lost status Source of classification or shelving scheme Damaged status Not for loan Collection code Home library Current library Shelving location Date acquired Source of acquisition Inventory number Total Checkouts Full call number Barcode Date last seen Price effective from Koha item type
    Dewey Decimal Classification     General Biblioteca Karol Wojtyla Biblioteca Karol Wojtyla Sala general 03/12/2013 Compra 151000000000000000012812   631.4 CUA 38060 05/01/2026 03/12/2013 Libro
    Dewey Decimal Classification     General Biblioteca Karol Wojtyla Biblioteca Karol Wojtyla Sala general 03/12/2013 Compra 151000000000000000012820   631.4 CUA 38061 27/09/2021 03/12/2013 Libro